000 01255nam a22003257a 4500
003 CHAP
005 20220329134538.0
008 971013s1987 r 10010 d
010 _a21950
011 _a22922
035 _a27017
040 _cCHAP
082 _a634.772063
_bA8 1985
111 0 0 _aAsociación para la Cooperación en Investigaciones de Banano en el Caribe y en América Tropical. Reunión (
_n7
_d: 1986
_c: San José, C.R.)
_98108
245 _aMemorias
260 _aTurrialba, C.R. :
_bCentro Agronómico Tropical de Investigación y Enseñanza,
_c1987
300 _a504 p.
_b; gráfs
490 _aSerie técnica. Folleto
_v; boletín técnico; 121
590 _aBATCH-UPD
_b10
_c20130110
_lUCH01
_h2142
590 _aBATCH-UPD
_b10
_c20130410
_lUCH01
_h1014
590 _aBATCH-UPD
_b10
_c20130914
_lUCH01
_h1556
590 _aCONVERSION
_b10
_c20130109
_lUCH01
_h1313
650 1 4 _aPlátano
_xCongresos.
_989221
700 0 _aGalindo, José J.
_944322
830 0 0 _aSerie técnica. Folleto
_v; boletín técnico; 121
_9105063
901 _aBK
942 _cLIBRO
949 _a634.772063 A8 1985
_bBC
_cLIBRO
_d33724000210498
_eLIBRO
_h72239
_i27017
_si
949 _a634.772063 A8 1985
_bBC
_cLIBRO
_d33724000210506
_eLIBRO
_fc.2
_h74360
_i27017
_si
999 _c21950
_d21950